[Event "Tatry Open"]
[Site "Tatranske Zruby CZE"]
[Date "2010.10.02"]
[Round "1"]
[White "Demeter,P"]
[Black "Ptacnik,S"]
[Result "1-0"]
[WhiteElo "2246"]
[BlackElo "2109"]

1.c4 Nf6 2.Nf3 c5 3.g3 b6 4.Bg2 Bb7 5.O-O g6 6.Nc3 Bg7 7.d3 d5 8.Ne5 O-O
9.e4 d4 10.Ne2 Nxe4 11.Nxf7 Rxf7 12.dxe4 Nd7 13.Nf4 Ne5 14.b3 Qd6 15.Nd3 Nxd3
16.Qxd3 e5 17.Bd2 Raf8 18.f3 a6 19.Rfc1 Bc6 20.Rab1 a5 21.a3 Ra8 22.Rc2 Qf8
23.g4 Rb7 24.b4 axb4 25.axb4 Rba7 26.Rcb2 Ra3 27.Qf1 Qd8 28.bxc5 bxc5 29.Qc1 Be8
30.Rb8 Rxb8 31.Rxb8 Qxb8 32.Qxa3 Bf8 33.Bf1 Bf7 34.Bd3 Kg7 35.Kf2 Qd8 36.Kg3 Be7
37.Qc1 Be6 38.h3 Qb8 39.Qa3 Qb6 40.h4 Qd8 41.Qa7 Kg8 42.g5 Bc8 43.f4 Bd6
44.Kf2 exf4 45.e5 Bxe5 46.Qxc5 Qc7 47.Qd5+ Kg7 48.c5 Bb7 49.Qe6 Bc8 50.Qd5 Bb7
51.Qe6 Bc8 52.Qb6 Qxb6 53.cxb6 Bb7 54.Be2 d3 55.Bxd3 Bd4+ 56.Kf1 f3 57.Bf4 Kf7
58.Bc4+ Ke7 59.Bc7 Kd7 60.Bg3 Kc6 61.Bg8 Ba6+ 62.Ke1 Bd3 63.Bxh7 Be4 64.Bf2 Kc5
65.Bxd4+ Kxd4 66.Kf2 Kc5 67.Bxg6 Bd5 68.h5 Kxb6 69.h6  1-0

[Event "TCh-ISL Div 1 2010-11"]
[Site "Reykjavik ISL"]
[Date "2010.10.08"]
[Round "1.3"]
[White "Olafsson,Thorv"]
[Black "Karason,A"]
[Result "1/2-1/2"]
[WhiteElo "2205"]
[BlackElo "2244"]

1.Nf3 Nf6 2.g3 b6 3.Bg2 Bb7 4.O-O c5 5.c4 g6 6.Nc3 Bg7 7.d3 O-O 8.Bg5 d6
9.Qd2 Nbd7 10.Bh6 Rc8 11.Bxg7 Kxg7 12.Ng5 Bxg2 13.Kxg2 Qc7 14.f4 e6 15.e4 a6
16.f5 exf5 17.exf5 Rce8 18.fxg6 hxg6 19.Rae1 Re5 20.Rxe5 dxe5 21.Nge4 Qc6
22.Kg1 b5 23.Nxf6 Nxf6 24.Qg5 b4 25.Nd1 Qe6 26.Ne3 Rh8 27.Nf5+ Kf8 28.Ne3 Kg7
29.Nf5+ Kf8 30.Nh6 Kg7 31.Nf5+  1/2-1/2

[Event "I Memorial Oliver Gonzalez"]
[Site "Madrid ESP"]
[Date "2010.10.12"]
[Round "4"]
[White "Gemy,J"]
[Black "Cortes Jurado,R"]
[Result "1-0"]
[WhiteElo "2325"]
[BlackElo "2083"]

1.Nf3 Nf6 2.c4 b6 3.g3 Bb7 4.Bg2 c5 5.O-O g6 6.d4 cxd4 7.Qxd4 Bg7 8.Qh4 O-O
9.Bh6 d6 10.Nc3 Nbd7 11.Rad1 Rc8 12.Bxg7 Kxg7 13.b3 Rc5 14.g4 Qa8 15.Qg3 a6
16.g5 Nh5 17.Qg4 Ne5 18.Nxe5 Bxg2 19.Qxg2 Rxe5 20.Qxa8 Rxa8 21.Rd5 Re6 22.e3 f6
23.h4 Rc8 24.Rd3 fxg5 25.hxg5 Rc5 26.f4 Ng3 27.Rf3 Ne4 28.Ne2 d5 29.cxd5 Rd6
30.Rd4 Nc3 31.Nxc3 Rxc3 32.Kg2 Rc5 33.e4 e6 34.b4 Rc2+ 35.Rf2 Rc3 36.Rfd2 exd5
37.e5 Rdc6 38.Rxd5 R6c4 39.Rd7+ Kf8 40.Rxh7 Rc2 41.Rxc2 Rxc2+ 42.Kf3 Rxa2
43.Rb7 b5 44.Ke4 Ra4 45.Kd5 Rxb4 46.f5 gxf5 47.Ke6 f4 48.Kf6 Ke8 49.e6 Rd4
50.Rb8+  1-0

[Event "TCh-CHN"]
[Site "Guangzhou CHN"]
[Date "2010.10.13"]
[Round "13"]
[White "Le Thanh Tu"]
[Black "Zhao Xue"]
[Result "0-1"]
[WhiteElo "2318"]
[BlackElo "2490"]

1.Nf3 Nf6 2.c4 b6 3.g3 c5 4.Bg2 Bb7 5.O-O g6 6.Nc3 Bg7 7.d4 cxd4 8.Qxd4 d6
9.Rd1 Nbd7 10.Be3 Rc8 11.Rac1 O-O 12.Qh4 a6 13.b3 Re8 14.Bh3 Rb8 15.g4 Nf8
16.Nd5 Ba8 17.g5 Nxd5 18.cxd5 e6 19.dxe6 Nxe6 20.Qg3 d5 21.Rc2 Qe7 22.Bxe6 Qxe6
23.Bd4 Rbc8 24.Rxc8 Qxc8 25.Bxg7 Qc2 26.Rd2 Qc1+ 27.Kg2 Kxg7 28.Qf4 Kg8 29.Qa4 Qc8
30.Rc2 Qe6 31.Qd4 Qf5 32.Rd2 Re4 33.Qd3 d4 34.Kf1 Qh3+ 35.Ke1 Re8 36.Nxd4 Qxh2
37.e3 Bg2 38.Kd1 Qg1+  0-1

[Event "Trophee CCAS GpB"]
[Site "Cap d'Agde FRA"]
[Date "2010.10.24"]
[Round "2"]
[White "Pelletier,Y"]
[Black "Le Quang Liem"]
[Result "1/2-1/2"]
[WhiteElo "2592"]
[BlackElo "2694"]

1.Nf3 Nf6 2.c4 b6 3.g3 c5 4.Bg2 Bb7 5.O-O g6 6.Nc3 Bg7 7.d4 cxd4 8.Qxd4 d6
9.Be3 Nbd7 10.Rac1 Rc8 11.b3 a6 12.Bh3 O-O 13.Qh4 Rc7 14.Rfd1 Qb8 15.Nd5 Nxd5
16.cxd5 Nf6 17.Bxb6 Rxc1 18.Rxc1 Nxd5 19.Ba5 Bc8 20.Bxc8 Rxc8 21.Rc4 e6 22.Qe4 Bc3
23.Bxc3 Nxc3 24.Rxc8+ Qxc8 25.Qc2 Qc5 26.e3 e5 27.h4 Kg7 28.Ne1 Qa5 29.Qd2 Qc7
30.Qc2 Qa5 31.Qd2 Qc7 32.Qc2 d5 33.Nf3 f6 34.Kh2 Qc5 35.Nd2 Ne4 36.Qxc5 Nxc5
37.Kg2 Kf7 38.Kf3 Ke6 39.Ke2 a5 40.f3 f5 41.e4 d4 42.g4 fxg4 43.fxg4 h6 44.Kf3 Nd3
45.Nc4 Nc1 46.Nxa5 Nxa2 47.Nc4 Nb4 48.Nb2 Na6 49.Nd3 Kd6 50.Nb2 g5 51.hxg5 hxg5
52.Nc4+ Ke6 53.Ke2 Nc5 54.Nd2 Kd6 55.Nc4+ Ke6 56.Nd2 Kd6 57.Nc4+ Ke6 58.Nd2  1/2-1/2

[Event "Trophee CCAS GpA"]
[Site "Cap d'Agde FRA"]
[Date "2010.10.24"]
[Round "3"]
[White "Bu Xiangzhi"]
[Black "Polgar,Ju"]
[Result "1-0"]
[WhiteElo "2695"]
[BlackElo "2682"]

1.Nf3 Nf6 2.c4 b6 3.g3 c5 4.Bg2 Bb7 5.O-O g6 6.d4 cxd4 7.Qxd4 Bg7 8.Nc3 d6
9.Rd1 Nbd7 10.Be3 Rc8 11.Rac1 Nc5 12.b3 Ne6 13.Qh4 h6 14.Nd5 g5 15.Nxf6+ Bxf6
16.Qh3 Qd7 17.Qf5 Nc5 18.Qc2 Be4 19.Qd2 Qb7 20.Bh3 Rd8 21.Nd4 Rg8 22.b4 Bh7
23.f3 Nd7 24.Bg2 Rc8 25.Nb5 Bf5 26.Qxd6 Bb2 27.Qxh6 Bxc1 28.Rxc1 Rc6 29.f4 Rxh6
30.Bxb7 Rgh8 31.Nd4 Bg4 32.Nf3 Re6 33.Bd4 f6 34.e3 gxf4 35.gxf4 Kd8 36.Nd2 Nb8
37.Bd5 Rd6 38.Ne4 Rxd5 39.cxd5 Bf3 40.Nc3 Rh5 41.e4 Nd7 42.Kf2 Rh3 43.e5 fxe5
44.fxe5 Bh5 45.e6 Rxh2+ 46.Kg3 Rd2 47.Nb5 Rd3+ 48.Kf2 Nf6 49.Nxa7 Ne4+ 50.Ke1 Nd6
51.Bxb6+ Ke8 52.Nb5 Kf8 53.Nxd6 exd6 54.Rc8+ Be8 55.a4 Rxd5 56.a5 Re5+ 57.Kd2 Rd5+
58.Kc3 Rd1 59.Be3 Ra1 60.Bh6+ Ke7 61.Bg5+ Kf8 62.Kb2 Ra4 63.Kb3 Ra1 64.Bf6 Rf1
65.Bc3 Ke7 66.a6 Rf8 67.Ka3 Bb5 68.Rxf8 Kxf8 69.a7 Bc6 70.b5 Bb7 71.Bf6 Ke8
72.Kb4 Ba8 73.Ka5 d5 74.Kb6 d4 75.Bxd4  1-0

[Event "Chigorin Mem Classic Open"]
[Site "St Petersburg RUS"]
[Date "2010.11.01"]
[Round "5"]
[White "Khuseinkhodzhaev,M"]
[Black "Nuretdinov,I"]
[Result "0-1"]
[WhiteElo "2391"]
[BlackElo "2242"]

1.Nf3 Nf6 2.c4 b6 3.g3 Bb7 4.Bg2 c5 5.O-O g6 6.d4 cxd4 7.Qxd4 Bg7 8.Nc3 O-O
9.Qh4 d6 10.Bg5 Re8 11.Rad1 Nbd7 12.b3 a6 13.Nd5 b5 14.Nxf6+ Nxf6 15.c5 Ne4
16.cxd6 Nxd6 17.Bf4 Qb6 18.Bxd6 exd6 19.Ng5 h6 20.Ne4 d5 21.Nd2 Rxe2 22.Bf3 Re6
23.b4 a5 24.Nb3 axb4 25.Qxb4 Rxa2 26.Nc5 Rb2 27.Nb3 Qd6 28.Qxd6 Rxd6 29.Rd3 Kh7
30.Re1 Bc8 31.Re7 Bf5 32.Rxd5 Re6 33.Rxf7 Rxb3 34.Kg2 Rf6 35.Rb7 Rxf3  0-1

[Event "14th OIBM"]
[Site "Bad Wiessee GER"]
[Date "2010.11.05"]
[Round "8.9"]
[White "Weber,U"]
[Black "Eingorn,V"]
[Result "1/2-1/2"]
[WhiteElo "2413"]
[BlackElo "2562"]

1.Nf3 Nf6 2.g3 b6 3.Bg2 Bb7 4.c4 c5 5.O-O g6 6.d4 cxd4 7.Qxd4 Bg7 8.Nc3 d6
9.Rd1 Nbd7 10.Be3 O-O 11.Qh4 Rc8 12.Rac1 a6 13.b3 Rc7 14.g4 Qa8 15.g5 Ne4
16.Nd5 Bxd5 17.Rxd5 Nec5 18.Bd4 Ne6 19.Bxg7 Nxg7 20.Ne1 Qd8 21.Rcd1 Rc5 22.Nc2 f6
23.Ne3 fxg5 24.Rxg5 Nf5 25.Nxf5 Rcxf5 26.Bd5+ Kg7 27.Rg2 Nf6 28.Qd4 Qc7 29.e3 Qc5
30.Qb2 a5 31.a3 e5 32.b4 Qc7 33.Rc1 axb4 34.axb4 Qd7 35.b5 Qe7 36.Bc6 Nd7
37.Rd1 Nc5 38.Qd2 R8f6 39.Qa2 Rf8 40.Qd2 R5f6 41.Qc3 Rf5 42.Qd2 R5f6 43.Qc3 Rf5
44.Qd2  1/2-1/2

[Event "TCh-CZE 2010-11"]
[Site "Frydek Mistek CZE"]
[Date "2010.11.07"]
[Round "2.8"]
[White "Neckar,L"]
[Black "Pisk,P"]
[Result "0-1"]
[WhiteElo "2349"]
[BlackElo "2313"]

1.Nf3 c5 2.g3 b6 3.Bg2 Bb7 4.c4 Nf6 5.O-O g6 6.d4 cxd4 7.Qxd4 Bg7 8.Nc3 d6
9.Rd1 Nbd7 10.Be3 Rc8 11.Rac1 Nc5 12.b3 Ne6 13.Qh4 h6 14.Nd5 g5 15.Nxf6+ Bxf6
16.Qg4 Qd7 17.h4 h5 18.Qf5 Bxf3 19.Bxf3 gxh4 20.gxh4 Ng7 21.Qxd7+ Kxd7 22.Bg2 Ne6
23.Bh3 Bxh4 24.c5 bxc5 25.Bxc5 Rc7 26.Bd4 Rhc8 27.Rxc7+ Rxc7 28.e4 Ke8 29.e5 dxe5
30.Bxe5 Rc2 31.f4 Bf6 32.a4 Bxe5 33.fxe5 Rc3 34.Bf1 Rxb3 35.Bb5+ Kf8 36.Rd7 a5
37.Ra7 Nd4 38.Bd7 Nf3+ 39.Kg2 Nxe5 40.Bb5 h4 41.Rxa5 h3+  0-1

[Event "XXIII Belgrade Trophy"]
[Site "Obrenovac SRB"]
[Date "2010.12.02"]
[Round "9.75"]
[White "Mihajlovic,Mil"]
[Black "Samardzija,Z"]
[Result "1-0"]
[WhiteElo "1998"]
[BlackElo "1856"]

1.Nf3 Nf6 2.c4 b6 3.g3 Bb7 4.Bg2 c5 5.O-O g6 6.Nc3 Bg7 7.d3 O-O 8.Rb1 d6
9.Bg5 Nbd7 10.Qd2 a6 11.Rfc1 Qc7 12.b4 cxb4 13.Rxb4 e6 14.Bh6 Qc5 15.Rb3 Ng4
16.Be3 Nxe3 17.Qxe3 Qa5 18.Qd2 Nc5 19.Rbb1 Rac8 20.e3 Bxf3 21.Bxf3 Na4 22.Ne4 Qxd2
23.Nxd2 b5 24.Bb7 Rc7 25.Bxa6 Nc3 26.Bxb5 Ne2+ 27.Kf1 Nxc1 28.Rxc1 d5 29.c5 Bb2
30.Rc2 Ba3  1-0

[Event "Bansko Grand Chess Open"]
[Site "Bansko BUL"]
[Date "2010.12.17"]
[Round "6.14"]
[White "Strelnikov,S"]
[Black "Collas,S"]
[Result "1-0"]
[WhiteElo "2419"]
[BlackElo "2300"]

1.Nf3 Nf6 2.g3 b6 3.Bg2 Bb7 4.c4 c5 5.O-O g6 6.Nc3 Bg7 7.d4 cxd4 8.Qxd4 d6
9.Qh4 h6 10.Rd1 Nc6 11.Nd4 Qd7 12.Bh3 Qc7 13.Ndb5 Qd8 14.Nd5 g5 15.Nxf6+ Bxf6
16.Qe4 Kf8 17.Qc2 Nb4 18.Qb3 Na6 19.Be3 h5 20.Bd4 Bxd4 21.Rxd4 g4 22.Bf1 Nc5
23.Qc3 Rh7 24.Qc2 Rh8 25.h4 Nd7 26.Rad1 Ne5 27.b3 a6 28.Nc3 Qc7 29.Bg2 Bxg2
30.Kxg2 Qc6+ 31.Kg1 b5 32.cxb5 axb5 33.Qd2 Ra3 34.Nd5 Qa8 35.Qg5 Qa7 36.Rc1 Ng6
37.Rf4 Rxa2 38.Qxg6  1-0

[Event "TCh-BEL 2010-11"]
[Site "Namur BEL"]
[Date "2011.01.23"]
[Round "7.3"]
[White "Laurent,Ju"]
[Black "Saiboulatov,D"]
[Result "1/2-1/2"]
[WhiteElo "2278"]
[BlackElo "2400"]

1.Nf3 Nf6 2.c4 b6 3.g3 Bb7 4.Bg2 c5 5.O-O g6 6.Nc3 Bg7 7.b3 O-O 8.Bb2 d6
9.d4 cxd4 10.Nxd4 Bxg2 11.Kxg2 a6 12.Qd3 Ra7 13.Rac1 d5 14.cxd5 Nxd5 15.Nf3 Nxc3
16.Qxd8 Rxd8 17.Bxc3 Bxc3 18.Rxc3 Kg7 19.Rfc1 Rd6 20.e3 b5 21.g4 h6 22.Rc8 Rb7
23.h4 Rbb6 24.Nd4 e5 25.Nf3 Nd7 26.R1c7 e4 27.Nd4 Nf8 28.Ra7 Ne6 29.Nxe6+ Rxe6
30.Rcc7 Rf6 31.g5 hxg5 32.hxg5 Rf5 33.Kf1 Rd6 34.Ke2 Rdd5 35.Rd7  1/2-1/2

[Event "TCh-CAT Div Hon"]
[Site "Barcelona ESP"]
[Date "2011.01.29"]
[Round "1"]
[White "Panelo Munoz,M"]
[Black "Gonzalez Garcia,J2"]
[Result "0-1"]
[WhiteElo "2327"]
[BlackElo "2503"]

1.Nf3 Nf6 2.c4 b6 3.g3 Bb7 4.Bg2 c5 5.O-O g6 6.Nc3 Bg7 7.Re1 d5 8.d4 dxc4
9.Qa4+ Nbd7 10.dxc5 Qc7 11.Be3 O-O 12.Qxc4 bxc5 13.Rac1 Rfc8 14.Red1 h6 15.Bf4 Qb6
16.Na4 Qb4 17.Ne5 Qxc4 18.Nxc4 Bxg2 19.Kxg2 Kf8 20.b3 Ke8 21.Rc2 g5 22.Be5 Nh5
23.Bxg7 Nxg7 24.Ne3 Ne6 25.Nf5 h5 26.h4 gxh4 27.Nxh4 Rc6 28.Nf3 Rac8 29.Nb2 Rd6
30.Rh1 Nf6 31.Nc4 Rd5 32.Ne3 Rd6 33.Rh4 Ra6 34.Nf5 Rd8 35.e4 Rd1 36.e5 Nd5
37.Re4 Nb4 38.Rce2 Nxa2 39.Ne3 Rd3 40.Rb2 Nd4 41.Nxd4 Rxd4 42.Rxd4 cxd4 43.Nc2 d3
44.Ne1 Nb4 45.Rd2 Ra5 46.f4 Rc5 47.Nf3 Rc3 48.Nd4 Nc2 49.Nf3 Rxb3 50.e6 fxe6
51.Ne5 Nb4 52.Kf3 a5 53.Rh2 d2+  0-1

[Event "IV Open A"]
[Site "Gora Swietej Anny POL"]
[Date "2011.02.19"]
[Round "9.7"]
[White "Smal,Tobiasz"]
[Black "Kocwin,B"]
[Result "0-1"]
[WhiteElo "1662"]
[BlackElo "2270"]

1.Nf3 c5 2.c4 b6 3.g3 Bb7 4.Bg2 Nf6 5.O-O g6 6.b3 Bg7 7.Bb2 O-O 8.e3 d5 9.cxd5 Bxd5
10.d4 Nbd7 11.Nc3 Bb7 12.Nh4 Bxg2 13.Nxg2 a6 14.Nf4 cxd4 15.exd4 b5 16.Re1 e6
17.Qd2 Nb6 18.Rad1 Bh6 19.Ne4 Nfd5 20.Nxd5 Bxd2 21.Ndf6+ Kg7 22.d5 Bxe1 23.Ne8+ Kg8
24.N8f6+ Kh8 25.Rxe1 exd5 26.Nxd5+ f6 27.Ndxf6 Ra7 28.Ne8+ Kg8 29.N4f6+ Rxf6  0-1

[Event "Skopje Spring Open 2011"]
[Site "Skopje MKD"]
[Date "2011.03.20"]
[Round "2"]
[White "Glavinac,G"]
[Black "Bogdanovski,V"]
[Result "1/2-1/2"]
[WhiteElo "2184"]
[BlackElo "2421"]

1.Nf3 Nf6 2.c4 b6 3.g3 Bb7 4.Bg2 c5 5.O-O g6 6.b3 Bg7 7.Bb2 O-O 8.Nc3 e6
9.e3 d5 10.cxd5 exd5 11.d4 Na6 12.Rc1 Qe7 13.Ba3 Rfd8 14.Re1 Ne4 15.Na4 Bc6
16.Nb2 Rac8 17.Nd3 Bb7 18.Re2 Qe8  1/2-1/2

[Event "15th Neckar Open"]
[Site "Deizisau GER"]
[Date "2011.04.23"]
[Round "5"]
[White "Baramidze,D"]
[Black "Lammers,M"]
[Result "1-0"]
[WhiteElo "2554"]
[BlackElo "2405"]

1.Nf3 Nf6 2.c4 c5 3.g3 b6 4.Bg2 Bb7 5.O-O g6 6.b3 Bg7 7.Bb2 O-O 8.d4 cxd4
9.Qxd4 Ne8 10.Qd2 Bxb2 11.Qxb2 Nf6 12.Nc3 Na6 13.Rfd1 Nc5 14.Rd4 Qc7 15.Nd5 Bxd5
16.cxd5 Rac8 17.Rad1 Nce4 18.Ne1 Nc3 19.R1d2 Qe5 20.R4d3 Rc5 21.d6 Rfc8 22.Re3 Qf5
23.dxe7 Nce4 24.Bxe4 Nxe4 25.f3 Nf6 26.Nd3 R5c7 27.Nf4 Rc1+ 28.Kf2 d6 29.e8=Q+  1-0

[Event "13th Salou Open"]
[Site "Salou ESP"]
[Date "2011.05.09"]
[Round "7"]
[White "Hernandez Carmenates,Hold"]
[Black "Rivas Pastor,M"]
[Result "1/2-1/2"]
[WhiteElo "2558"]
[BlackElo "2533"]

1.Nf3 Nf6 2.c4 b6 3.g3 c5 4.Bg2 Bb7 5.O-O g6 6.Nc3 Bg7 7.d4 cxd4 8.Qxd4 d6
9.Rd1 Nbd7 10.b3 O-O 11.Bb2 Ne4 12.Qe3 Nxc3 13.Bxc3 Nf6 14.Rac1 Qc7 15.Nd4 Bxg2
16.Kxg2 Qb7+ 17.Qf3 Qxf3+ 18.exf3 Rfc8 19.Ne2 Rc6 20.Nd4 Rc7 21.Nc2 Ne8 22.Ne3 Bxc3
23.Rxc3 e6 24.Rcd3 a6 25.a4 b5 26.axb5 axb5 27.f4 h5  1/2-1/2

[Event "46th Capablanca Memorial Open B"]
[Site "Havana CUB"]
[Date "2011.05.12"]
[Round "2.8"]
[White "Perez Mederos,R"]
[Black "Ragolta Franco,E"]
[Result "0-1"]
[WhiteElo "2186"]
[BlackElo "2247"]

1.Nf3 Nf6 2.g3 b6 3.Bg2 Bb7 4.O-O c5 5.c4 g6 6.b3 Bg7 7.Bb2 O-O 8.d4 cxd4
9.Nxd4 Bxg2 10.Kxg2 Qc8 11.Nc3 Qb7+ 12.Kg1 d6 13.e3 Nbd7 14.Qf3 Qxf3 15.Nxf3 Rfc8
16.Rac1 a6 17.Nd4 Kf8 18.Rfd1 Rc5 19.Kg2 Rac8 20.Na4 R5c7 21.Nc3 Ne5 22.h3 Nc6
23.Nxc6 Rxc6 24.Kf3 Nd7 25.Na4 Bxb2 26.Nxb2 b5 27.Rd4 Nb6 28.e4 a5 29.a4 bxc4
30.Nxc4 e5 31.Rd2 Nxc4 32.bxc4 Rxc4 33.Rxc4 Rxc4 34.Rxd6 Rxa4 35.Rd5 f6 36.Rd7 Ra3+
37.Kg2 h5 38.Ra7 a4 39.f4 h4  0-1

[Event "Serbian Cup 2011"]
[Site "Valjevo SRB"]
[Date "2011.05.16"]
[Round "1.4"]
[White "Bogosavljevic,B"]
[Black "Govedarica,R"]
[Result "0-1"]
[WhiteElo "2550"]
[BlackElo "2398"]

1.Nf3 c5 2.c4 Nf6 3.g3 b6 4.Bg2 Bb7 5.O-O g6 6.Nc3 Bg7 7.d4 Ne4 8.Nd5 e6
9.Nf4 cxd4 10.Nxd4 O-O 11.Nb3 Qc7 12.Nd3 Nd6 13.Bxb7 Nxb7 14.Bd2 Qxc4 15.Rc1 Qa4
16.Rc7 Nd8 17.Bb4 Na6 18.Bxf8 Nxc7 19.Bxg7 Kxg7 20.Ne5 Nd5 21.Qd3 Rc8 22.Nd2 Nf6
23.b3 Qxa2 24.Ndc4 d5 25.Nd6 Rc2 26.g4 Rd2 27.Qc3 Qc2 28.Qa1 Qb2 29.g5 Ne4
30.Qxb2 Rxb2 31.Nxe4 Rxe2 32.Nf6 Rxe5 33.f4 Rf5 34.Ne8+ Kf8 35.Nd6 Ke7 36.Nxf5+ exf5
37.Kf2 Ne6 38.Ke3 a5 39.b4 axb4 40.Rb1 d4+ 41.Kf3 Kd6 42.Rxb4 Kc5 43.Ra4 b5
44.Ra7 b4 45.Rxf7 b3 46.Rxh7 Kc4 47.Rh8 Nc5 48.Rb8 Na6 49.Re8 b2 50.Re1 d3
51.Ke3 Kc3 52.h4 Nb4 53.Rh1 Nd5+ 54.Kf3 Kc2 55.h5 b1=Q 56.Rxb1 Kxb1  0-1

[Event "XX Guillermo Garcia Mem Elite"]
[Site "Santa Clara CUB"]
[Date "2011.05.29"]
[Round "8.4"]
[White "Borges Mateos,J"]
[Black "Guerra Mendez,J"]
[Result "1/2-1/2"]
[WhiteElo "2451"]
[BlackElo "2472"]

1.Nf3 Nf6 2.c4 b6 3.g3 Bb7 4.Bg2 c5 5.O-O g6 6.Nc3 Bg7 7.Re1 Ne4 8.Qc2 Nxc3
9.dxc3 d6 10.e4 Nd7 11.Bg5 Qc7 12.Rad1 h6 13.Bf4 O-O-O 14.a4 Ne5 15.Nxe5 dxe5
16.Be3 Rxd1 17.Rxd1 e6 18.b4 Bf8 19.b5 Be7 20.h4 g5 21.Qe2 gxh4 22.Qh5 Bf6
23.gxh4 Qe7 24.Kf1 Bxh4 25.a5 Qf6 26.a6 Ba8 27.Ke2 Bg5 28.Qf3 Bf4 29.Bxf4 exf4
30.Qd3 Qe7 31.Qh3 Qg5 32.Qd3 Rd8 33.Qxd8+ Qxd8 34.Rxd8+ Kxd8 35.f3 Ke7 36.Kf2 Kf6
37.Bh3 Ke5 38.Bg2 f5 39.exf5 exf5 40.Bf1 h5 41.Be2 Kf6 42.Bd3 Kg5 43.Kg2 h4
44.Be2 Be4 45.Kh2 Bc2 46.Kh3  1/2-1/2

[Event "Haspa-Schachpokal 2011 GpA"]
[Site "Bargteheide GER"]
[Date "2011.06.03"]
[Round "3.7"]
[White "Bodnar,Al"]
[Black "Rieling,T"]
[Result "1-0"]
[WhiteElo "2301"]
[BlackElo "2137"]

1.Nf3 Nf6 2.c4 c5 3.g3 b6 4.Bg2 Bb7 5.O-O g6 6.Nc3 Bg7 7.d4 Ne4 8.Nxe4 Bxe4
9.Be3 O-O 10.Qd2 d6 11.Rad1 Nc6 12.d5 Bxf3 13.exf3 Nd4 14.Bh6 Qd7 15.Rfe1 Rfe8
16.Bxg7 Kxg7 17.Re4 h6 18.Rde1 Rab8 19.R1e3 Rb7 20.Bf1 Qf5 21.Qd1 e5 22.dxe6 fxe6
23.Bd3 Qf6 24.Rf4 Qd8 25.Kg2 Rf8 26.Rxd4 cxd4 27.Rxe6 Rf6 28.Re4 Re7 29.Rxd4 Re5
30.Be4 Qe7 31.Qd3 Rfe6 32.b4 g5 33.h3 Rf6 34.a3 Qc7 35.Bd5 Qe7 36.h4 Kh8
37.Rg4 Rf8 38.hxg5 Rxg5 39.Rh4 Qf6 40.f4 Rg7 41.Kh2 Re7 42.Be4 Rg7 43.Rh5 Rd8
44.Rd5 Rgg8 45.Bf5 Qb2 46.Kg2 Qf6 47.g4 Rgf8 48.g5 Rg8 49.g6 Kg7 50.Kg3 Rgf8
51.c5 dxc5 52.Rd7+  1-0

[Event "5th ENCI Limburg Open"]
[Site "Maastricht NED"]
[Date "2011.06.13"]
[Round "6"]
[White "Braun,Christi2"]
[Black "Fedorchuk,S"]
[Result "1/2-1/2"]
[WhiteElo "2388"]
[BlackElo "2654"]

1.Nf3 Nf6 2.c4 b6 3.g3 c5 4.Bg2 Bb7 5.O-O g6 6.b3 Bg7 7.Bb2 O-O 8.Nc3 d6
9.d4 a6 10.Rc1 Nbd7 11.Qd2 b5 12.dxc5 Nxc5 13.b4 Ncd7 14.cxb5  1/2-1/2

[Event "6th Dvorkovich Cup"]
[Site "Moscow RUS"]
[Date "2011.07.02"]
[Round "12.14"]
[White "Gabuzyan,H"]
[Black "Bortnik,N"]
[Result "1/2-1/2"]
[WhiteElo "2394"]
[BlackElo "2302"]

1.Nf3 Nf6 2.g3 b6 3.Bg2 Bb7 4.O-O c5 5.c4 g6 6.Nc3 Bg7 7.d4 cxd4 8.Qxd4 O-O
9.Qh4 d6 10.Bh6 Nbd7 11.Rfd1 Rc8 12.b3 Nc5 13.Nd5 Bxd5 14.cxd5 Nce4 15.Bxg7 Kxg7
16.Nd4 Nc3 17.Rd2 Nfxd5 18.e4 e5 19.Qxd8 Rfxd8 20.exd5 exd4 21.Kf1 Re8 22.Rxd4 Nxa2
23.Rc4 Nc3 24.Rxa7 Rxc4 25.bxc4 Rc8 26.Bh3 Rxc4 27.Be6 Kf6 28.Rxf7+ Ke5 29.Rxh7 b5
30.f4+ Kd4 31.Bf7 b4 32.Bxg6 Nxd5 33.Rb7 Rc3 34.Kf2 b3 35.h4 Nf6 36.h5 d5
37.Rb6 Ng4+ 38.Kg2 Ne3+ 39.Kh3 Rc1 40.Kh4 Rh1+ 41.Kg5 Rg1 42.h6 Rxg3+ 43.Kh4 Rf3
44.h7 Rxf4+ 45.Kg5 Rf8 46.Rxb3 Nc4 47.Rd3+ Ke5 48.Kh6 Rb8 49.Kg7 d4 50.h8=Q Rxh8
51.Kxh8 Kd5 52.Bf7+ Kc5 53.Rd1 Ne5 54.Kg7 d3 55.Bh5 Kd4 56.Kf6 Nc4 57.Bg6 Nb2
58.Rb1 Kc3 59.Kg5 d2 60.Bh5 Kc2 61.Bg6+ Kc3 62.Bh5 Kc2 63.Rh1 d1=Q 64.Bxd1+ Nxd1
65.Kf4 Kd2 66.Rh2+ Kd3 67.Rh8 Nc3 68.Rd8+ Kc4 69.Ke5 Ne2 70.Rc8+ Kd3 71.Rh8 Nc3
72.Rh4 Nb5 73.Rg4 Nc3 74.Rb4 Ke3 75.Rd4 Ne2 76.Ra4 Kd3 77.Ra1 Nc3 78.Rh1 Kc4
79.Rh2 Kc5  1/2-1/2

[Event "XXXIV Open"]
[Site "Barbera del Valles ESP"]
[Date "2011.07.09"]
[Round "6"]
[White "Sande Edreira,J"]
[Black "Vassallo Barroche,M"]
[Result "0-1"]
[WhiteElo "2348"]
[BlackElo "2416"]

1.c4 b6 2.Nf3 Bb7 3.g3 Nf6 4.Bg2 c5 5.O-O g6 6.b3 Bg7 7.Bb2 O-O 8.Nc3 Na6
9.Qb1 e6 10.Rd1 d5 11.cxd5 exd5 12.d4 Qe7 13.dxc5 bxc5 14.e3 Rfd8 15.Na4 Rac8
16.Bc3 d4 17.exd4 Be4 18.Qb2 cxd4 19.Rxd4 Rxd4 20.Bxd4 Rc2 21.Qb1 Nb4 22.Qd1 Nc6
23.Bc3 Ng4 24.Bxg7 Kxg7 25.Rc1 Rxf2 26.Bh1 Bxf3 27.Bxf3 Qa3 28.Rc3  0-1

[Event "TCh-TUR 2nd League 2011"]
[Site "Konya TUR"]
[Date "2011.07.10"]
[Round "9"]
[White "Metin,M"]
[Black "Sakalli,M"]
[Result "1-0"]
[WhiteElo "2166"]
[BlackElo "2003"]

1.Nf3 c5 2.c4 b6 3.g3 Bb7 4.Bg2 Nf6 5.O-O g6 6.b3 Bg7 7.Bb2 O-O 8.d4 cxd4
9.Nxd4 Bxg2 10.Kxg2 Qc8 11.Nc3 Qb7+ 12.Nf3 Ne4 13.Qc2 Nxc3 14.Bxc3 Bxc3 15.Qxc3 d6
16.h4 Nd7 17.h5 Nf6 18.h6 Rfd8 19.Rad1 Rac8 20.Rd2 b5 21.c5 b4 22.Qd4 Qe4
23.Rc1 Qxd4 24.Rxd4 a5 25.Rdc4 d5 26.R4c2 Ne4 27.Ne5 f6 28.Nd3 e5 29.a3 d4
30.axb4 axb4 31.Nxb4 Nc3 32.c6 Rc7 33.e3 Nd5 34.Nxd5 Rxd5 35.exd4 exd4 36.Rc5 Rxc5
37.Rxc5 d3 38.Kf3  1-0

[Event "34th Aegean Open"]
[Site "Aghios Kirykos GRE"]
[Date "2011.07.12"]
[Round "5"]
[White "Kanakaris,G"]
[Black "Zagrebelny,S"]
[Result "0-1"]
[WhiteElo "2281"]
[BlackElo "2485"]

1.Nf3 c5 2.c4 Nf6 3.g3 b6 4.Bg2 Bb7 5.O-O g6 6.Nc3 Bg7 7.d3 O-O 8.Bf4 d6
9.Qc1 Re8 10.Bh6 Bh8 11.h3 Nc6 12.e4 Nd7 13.Qd2 a6 14.Rad1 b5 15.Nh4 Qa5
16.Nd5 Rac8 17.b4 cxb4 18.cxb5 Qxb5 19.Nf5 Nf6 20.Rc1 Nxd5 21.exd5 Nd4 22.Rxc8 Bxc8
23.Nxd4 Bxd4 24.Rb1 Bc3 25.Qe3 Bb7 26.Rc1 Qc5 27.Qg5 f6 28.Qg4 Bxd5 29.Be3 Qc6
30.Be4 Kg7 31.h4 Bxe4 32.dxe4 Qc8 33.Qf4 Qe6 34.Rc2 Rc8 35.h5 gxh5 36.Qh6+ Kh8
37.Qxh5 Qxe4 38.Re2 Rg8 39.Bh6 Qg6 40.Qh4 e5 41.Re4 f5 42.Rc4 f4 43.Rc7 fxg3
44.Bg5 gxf2+ 45.Kxf2 Qf5+ 46.Ke2 Rxg5  0-1

[Event "Open ch-SVK A"]
[Site "Banska Stiavnica SVK"]
[Date "2011.07.15"]
[Round "7"]
[White "Boros,De"]
[Black "Medvegy,Z"]
[Result "1/2-1/2"]
[WhiteElo "2502"]
[BlackElo "2527"]

1.Nf3 Nf6 2.c4 b6 3.g3 c5 4.Bg2 Bb7 5.O-O g6 6.d4 cxd4 7.Qxd4 Bg7 8.Nc3 Nc6
9.Qf4 Rc8 10.Rd1 Na5 11.b3 b5 12.Nxb5 Nh5 13.Qe3 Bxa1 14.Bd2 Bg7  1/2-1/2

[Event "20th ch-MKD Open"]
[Site "Struga MKD"]
[Date "2011.07.24"]
[Round "9"]
[White "Petrov,G MKD"]
[Black "Borsos,B"]
[Result "1/2-1/2"]
[WhiteElo "2266"]
[BlackElo "2253"]

1.Nf3 Nf6 2.c4 c5 3.g3 b6 4.Bg2 Bb7 5.O-O g6 6.b3 Bg7 7.Bb2 O-O 8.Nc3 d6
9.d4 cxd4 10.Nxd4 Bxg2 11.Kxg2 Qc8 12.Rc1 Qb7+ 13.Kg1 Nbd7 14.Qd2 a6 15.Rfd1 Rfc8
16.f3 Ne5 17.a4 h5 18.e4 e6 19.Qe2 Re8 20.Rc2 Rac8 21.Ba3 Qb8 22.f4 Ned7
23.Rcd2 Nc5 24.b4 e5 25.Nf3 Ne6 26.fxe5 dxe5 27.b5 Nd4 28.Nxd4 exd4 29.Rxd4 Ng4
30.Bd6 Qb7 31.Nd5 axb5 32.axb5 Bxd4+ 33.Rxd4 Qa7 34.h3 Re6 35.Nf4 Rxd6 36.Rxd6 Qa3
37.Qd3 Qc1+ 38.Kg2 Ne3+ 39.Kf2 Nxc4 40.Rd8+ Rxd8 41.Qxd8+ Kh7 42.Qd4 h4 43.Nd5 Qc2+
44.Kf3 Qb3+ 45.Qc3 Qxc3+ 46.Nxc3 hxg3 47.Kxg3  1/2-1/2

[Event "Open NK"]
[Site "Dieren NED"]
[Date "2011.07.27"]
[Round "8"]
[White "Odendahl,R"]
[Black "Van der Poel,H"]
[Result "1/2-1/2"]
[WhiteElo "2375"]
[BlackElo "2292"]

1.Nf3 Nf6 2.c4 b6 3.g3 c5 4.Bg2 Bb7 5.O-O g6 6.b3 Bg7 7.Bb2 O-O 8.Nc3 d5
9.Nxd5 Nxd5 10.Bxg7 Kxg7 11.cxd5 Qxd5 12.d4 cxd4 13.Qxd4+ Qxd4 14.Nxd4 Bxg2
15.Kxg2 Rc8 16.Rfc1 Nd7 17.Nb5 a5 18.Rd1 Nc5 19.Kf1 Kf8 20.Rac1 Rd8 21.Nc7 Rxd1+
22.Rxd1 Rc8 23.Nd5 Nd7 24.Ne3 Ke8 25.Ke1  1/2-1/2

[Event "5th AD San Juan Open"]
[Site "Pamplona ESP"]
[Date "2011.07.30"]
[Round "8"]
[White "Iturrizaga,E"]
[Black "Fedorchuk,S"]
[Result "1/2-1/2"]
[WhiteElo "2603"]
[BlackElo "2618"]

1.Nf3 Nf6 2.c4 b6 3.g3 c5 4.Bg2 Bb7 5.O-O g6 6.Nc3 Bg7 7.d4 cxd4 8.Qxd4 d6
9.Be3 Nbd7 10.Rac1 Rc8 11.b3 a6 12.Rfd1 O-O 13.Qd2 Re8 14.Bh3 Rc7 15.Ne1 Qb8
16.Nd3 Nc5 17.f3 Nxd3 18.Qxd3 Bc8 19.Bxc8 Rexc8 20.Bd4 b5 21.Bxf6 bxc4 22.bxc4 Bxf6
23.Nd5 Qa7+ 24.Kg2 Rc6 25.Nxf6+ exf6 26.Rc2 Kg7 27.Qd4 Qxd4 28.Rxd4 d5 29.Rxd5 Rxc4
30.Rxc4 Rxc4  1/2-1/2

[Event "Split Open"]
[Site "Split CRO"]
[Date "2011.08.06"]
[Round "2.16"]
[White "Pejic,Ir"]
[Black "Brulic,D"]
[Result "1-0"]
[WhiteElo "2097"]
[BlackElo "2325"]

1.Nf3 c5 2.c4 Nf6 3.g3 b6 4.Bg2 Bb7 5.O-O g6 6.b3 Bg7 7.Bb2 O-O 8.Nc3 Nc6
9.d4 Nxd4 10.Nxd4 Bxg2 11.Kxg2 cxd4 12.Qxd4 Ne8 13.Qd2 Nc7 14.Rfd1 d6 15.Nd5 Rc8
16.Bxg7 Kxg7 17.a4 Qd7 18.Nxc7 Rxc7 19.Qd4+ Kg8 20.e4 Rfc8 21.Ra2 Rc5 22.Rad2 a6
23.Qe3 b5 24.cxb5 axb5 25.a5 b4 26.Rd5 Qb5 27.Rxc5 Rxc5 28.Ra1 Rc6 29.Qa7 Qe5
30.Qa8+ Kg7 31.Qxc6 Qxa1 32.a6 Qd4 33.Qb7 Kf6 34.h4 h5 35.a7 d5 36.a8=Q Qxe4+
37.Kh2  1-0